Manual de traducción /

Obra que ofrece los principios y metodología fundamentales de la traducción a partir de principios generales, desde el análisis del texto en la lengua original hasta la utilización de diversos procedimientos para enfrentarse a los textos, oraciones y otras unidades de lenguaje. Entre otros temas par...

Πλήρης περιγραφή

Αποθηκεύτηκε σε:
Λεπτομέρειες βιβλιογραφικής εγγραφής
Κύριος συγγραφέας: Newmark, Peter (autor)
Μορφή: Βιβλίο
Γλώσσα:Ισπανικά
Έκδοση: Madrid, España : Cátedra, 1999, c1999
Έκδοση:3a edición
Σειρά:(Lingüística)
Θέματα:
Ετικέτες: Προσθήκη ετικέτας
Δεν υπάρχουν, Καταχωρήστε ετικέτα πρώτοι!

MARC

LEADER 00000nam^a2200000^a^4500
001 000167961
005 20250521000000.0
009 20260310101144.543
020 |a 84-376-1062-1 
037 |a Acervo ITESO - Biblioteca 
041 |a ESP 
082 |a 415.  |b NEW 
100 |a Newmark, Peter  |e (autor) 
245 1 0 |a Manual de traducción /  |c P. Newmark ; tr. por Virgilio Moya. 
250 |a 3a edición 
264 4 |a Madrid, España :  |b Cátedra,  |c 1999, c1999 
300 |a 364 p. 
336 |a texto  |b txt  |2 rdacontenido 
337 |a sin mediación  |b n  |2 rdamedio 
338 |a volumen  |b nc  |2 rdasoporte 
440 1 |a (Lingüística) 
500 |a Traducción de: A Textbook of Translation 
520 |a Obra que ofrece los principios y metodología fundamentales de la traducción a partir de principios generales, desde el análisis del texto en la lengua original hasta la utilización de diversos procedimientos para enfrentarse a los textos, oraciones y otras unidades de lenguaje. Entre otros temas particulares, aborda los aspectos culturales que hay que tener en consideración para la traducción; la traducción literal; la traducción de neologismos; la traducción técnica; la traducción de la literatura seria; la traducción de las metáforas. 
649 |a XX 
650 |a Traducción e Interpretación -  |x Manuales 
650 |a Traducción e Interpretación -  |x Metodología 
650 |a Comunicación Escrita 
650 |a Semántica 
650 |a Semiótica 
650 |a Lenguaje y Lenguas 
650 |a Lingüística 
910 |a Fondo General 
920 |a Impresos - Libros 
930 |a Colección General 
905 |a 101 
901 |a 0500103945  |b IT1  |c ACC  |u 20250521 
902 |a https://opac.biblio.iteso.mx/vufind/Record/000167961